| 000 | 00992nam a2200253Ia 4500 | ||
|---|---|---|---|
| 003 | OSt | ||
| 005 | 20210504141632.0 | ||
| 008 | 210310s1993 ar gr 000 0 spa d | ||
| 020 | _a950151305X | ||
| 040 |
_aCO-JMCR _cCO-JMCR |
||
| 041 | 1 |
_aspa _heng |
|
| 082 | 0 | 4 |
_a330.9 / _bR231t _223 |
| 100 | 1 |
_aReich, Robert B., _eautor _926014 |
|
| 245 | 1 | 3 |
_aEl trabajo de las naciones : _bhacia el capitalismo del siglo XXI / _cRobert B. Reich ; traducción, Federico Villegas |
| 260 |
_aBuenos Aires, Argentina : _bJavier Vergara Editor, _c1993. |
||
| 300 |
_a314 páginas ; _c23 cm. |
||
| 500 | _aDatos biográficos del autor en solapa posterior. | ||
| 504 | _aBibliografía : páginas 311-314. | ||
| 505 | _aLa economía nacional. -- La red mundial. -- Los analistas simbólicos. -- El significado de "nación" | ||
| 650 | 1 | 4 |
_aNacionalismo económico _937419 |
| 650 | 2 | 4 |
_aIntereses nacionales _xeconomía _937420 |
| 700 | 1 |
_aVillegas, Federico, _etraductor _937421 |
|
| 942 |
_2ddc _cBK |
||
| 999 |
_c11626 _d11626 |
||